Republic of Poland : Background Paper.

This Background Paper examines sources of net international reserve inflows for Poland. It shows that once estimate of unrecorded border trade is included, both the current and capital accounts are in surplus. The paper illustrates the methods through which estimates of unrecorded trade can be obtai...

Mô tả đầy đủ

Chi tiết về thư mục
Tác giả của công ty: International Monetary Fund
Định dạng: Tạp chí
Ngôn ngữ:English
Được phát hành: Washington, D.C. : International Monetary Fund, 1996.
Loạt:IMF Staff Country Reports; Country Report ; No. 1996/019
Truy cập trực tuyến:Full text available on IMF
LEADER 01571cas a2200241 a 4500
001 AALejournalIMF001121
008 230101c9999 xx r poo 0 0eng d
020 |c 5.00 USD 
020 |z 9781451831788 
022 |a 1934-7685 
040 |a BD-DhAAL  |c BD-DhAAL 
110 2 |a International Monetary Fund. 
245 1 0 |a Republic of Poland :   |b Background Paper. 
264 1 |a Washington, D.C. :  |b International Monetary Fund,  |c 1996. 
300 |a 1 online resource (122 pages) 
490 1 |a IMF Staff Country Reports 
500 |a <strong>Off-Campus Access:</strong> No User ID or Password Required 
500 |a <strong>On-Campus Access:</strong> No User ID or Password Required 
506 |a Electronic access restricted to authorized BRAC University faculty, staff and students 
520 3 |a This Background Paper examines sources of net international reserve inflows for Poland. It shows that once estimate of unrecorded border trade is included, both the current and capital accounts are in surplus. The paper illustrates the methods through which estimates of unrecorded trade can be obtained. It offers a complementary view of Poland's inflation problem from a medium-term perspective. Specifically, the paper shows that relative price adjustment, combined with indexation and inertia, has been part and parcel of Polish inflation. 
538 |a Mode of access: Internet 
830 0 |a IMF Staff Country Reports; Country Report ;  |v No. 1996/019 
856 4 0 |z Full text available on IMF  |u http://elibrary.imf.org/view/journals/002/1996/019/002.1996.issue-019-en.xml  |z IMF e-Library